01431nam a2200349 i 4500003000900000005001700009007000300026008004100029040003000070041000800100082003100108110005000139240001000189245011800199264005300317300002800370336002700398337003300425338002800458590002600486650005900512650004000571651005700611651005700668651004600725710006000771740004600831910001500877942001400892952015800906999001701064DO-SdBNP20251016134755.0ta110404s2003 dr 000 0 spa d aDO-SdBNPbspacBNPHUerda aspa 4a342.729302bR426c 20032221 aRepública Dominicana. 9447bConstitución10aleyes10aConstitución de la República Dominicana ;bLey electoral Nº. 275/97 y modificaciones. Reglamento interno JCE 1aSanto Domingo :bJunta Central Electoral,c2003. a220 páginas ;c20 cm. atextobtxt2rdacontent asin mediaciónbn2rdamedia avolumenbnc2rdacarrier aInventariado, 2025/BT 4aEleccionesxLegislaciónzRepública Dominicana9412 4aLeyeszRepública Dominicana93033 4aRepública DominicanaxConstitución (2002)910514 4aRepública DominicanaxDerecho constitucional99303 4aRepública DominicanaxLey 275-979547811 aRepública Dominicana.bJunta Central Electoral96460512aLey electoral no. 275/97 y modificaciones aBtavárez 2ddccLBS1 00102ddc51708PDaBNPHUbBNPHUcCTd2025-10-16eDonado por Maritza Báezl0oBNPHU PD 342.729302 R426c 2003p2025-11920r2025-10-16w2025-10-16yLBS1 c59969d59969